000 00626nam a2200253Ia 4500
003 OSt
005 20221007103654.0
006 a|||||r|||| 00| 0
007 ta
008 221006b |||||||| |||| 00| 0 eng d
024 _a13,707
037 _cTextual
040 _aLCO
_cLCO
_beng
041 _2eng
_aeng
082 _aZ3,44, K2
100 _aPercy R.A.
245 0 _aCharlesworths on Negligence
250 _a4th
260 _aLondon
_bSweet & Maxwell Britain
_c1962
300 _a666
650 _aNEGLIGENCE
_9691523
942 _hZ3,44, K2
_cTEXL
999 _c1183270
_d1183270